00885nam a2200253Ia 4500008004100000020001800041050001900059050001800078100002300096245005200119245001900171245004500190260001700235260002600252260000900278300001600287300002000303300001100323500004100334650005700375650005200432999001900484952012800503160418s9999 xx 000 0 und d a971-08-6433-5 aFIL PL 5665.25 b.A77 2004 c.3 aArrogante, Jose A. aKakayahang Pilipino sa komunikasyong Filipino : bFilipino 101 / cJose A. Arrogante, Lakandupil C. Garcia. aMandaluyong: bNational Books Store  c2004 a215 pages : billustrations ; c22 cm. aIncludes bibliographical references. aFilipino language -- Rhetoric -- Study and teaching. xFilipino language -- Composition and exercises. c293404d293404 001040aSMCbSMCcFILd2005-03-07g235.00l0oFIL PL 5665.25 .A77 2004 c.3pSMC00353r2016-04-18 00:00:00w2016-04-18yBK